| 000 | 00402nam a2200157Ia 4500 | ||
|---|---|---|---|
| 008 | 151213s9999 xx 000 0 und d | ||
| 020 | _a81-203-0417-9 | ||
| 100 | _aM.Morris Mano | ||
| 245 |
_aDigital Logic and Computer Design _cM.Morris Mano |
||
| 260 |
_aNew Delhi _bPrentic Hall _c1979 |
||
| 300 | _a7606 p. | ||
| 650 | _aComputer | ||
| 650 | _aComputer | ||
| 700 | _aM.Morris Mano | ||
| 999 |
_c4013 _d4013 |
||